000 00428nam a2200181Ia 4500
001 24360
005 20260414151038.0
008 260414t1986||||xx |||||||||||||| ||spa||
041 _aESP
082 _a345.525
_bZ89
100 _aZubiate Reina, Fernando Augusto
_eAUT
245 0 _aAcción de amparo
_b
260 _c1986
300 _a200 páginas :
_ccm.
650 _aDER
654 _aCDE
942 _cLIB
_dJUS
_fJUS
_2ddc
_n
999 _c24360
_d24360